| Tag |
First Indicator |
Second Indicator |
Subfields |
| LEADER |
00000ctm a2200000Ia 4500 |
| 001 |
in00002782072 |
| 005 |
20160425144451.0 |
| 008 |
121002s1916 xx 000 i eng d |
| 035 |
|
|
|a (OCoLC)ocn852794849
|
| 035 |
|
|
|a (OCoLC)852794849
|
| 040 |
|
|
|a TXA
|c TXA
|d UtOrBLW
|
| 049 |
|
|
|a TXAM
|
| 090 |
|
|
|a PR6023.A93
|b Z48 1916
|
| 100 |
1 |
|
|a Lawrence, D. H.
|q (David Herbert),
|d 1885-1930.
|
| 245 |
1 |
0 |
|a Autograph letter signed,
|f 1916 February 15,
|b To my dear Ottoline /
|c D.H. Lawrence.
|
| 264 |
|
0 |
|c 1916.
|
| 300 |
|
|
|a 3 sheets ;
|c 26 cm.
|
| 336 |
|
|
|a text
|b txt
|2 rdacontent
|
| 337 |
|
|
|a unmediated
|b n
|2 rdamedia
|
| 338 |
|
|
|a sheet
|b nb
|2 rdacarrier
|
| 500 |
|
|
|a "15 Feb. 1916"
|
| 500 |
|
|
|a Handwritten letter on both sides of sheet, embossed address "Porthcothan, St. Merryn, North Cornwall".
|
| 520 |
|
|
|a A long personal and chatty letter to Ottoline Morrell discussing the books he is reading, various friends (including Bertrand Russell and Philip Hesltine) and marriage.
|
| 500 |
|
|
|a The Cushing Library/Lit./Mitchell copy contains the booksellers description.
|
| 500 |
|
|
|a Purchased for the Cushing Library/Lit./Mitchell Collection by The Cushing Library.
|
| 600 |
1 |
0 |
|a Lawrence, D. H.
|q (David Herbert),
|d 1885-1930.
|t Correspondence.
|
| 600 |
1 |
0 |
|a Morrell, Ottoline Violet Anne Cavendish-Bentinck,
|c Lady,
|d 1873-1938
|v Correspondence.
|
| 600 |
1 |
0 |
|a Warlock, Peter,
|d 1894-1930
|x Relations with women.
|
| 600 |
1 |
0 |
|a Russell, Bertrand,
|d 1872-1970.
|
| 600 |
1 |
0 |
|a Lawrence, Frieda,
|d 1879-1956.
|
| 994 |
|
|
|a C0
|b TXA
|
| 948 |
|
|
|a cataloged
|b h
|c 2013/7/15
|d o
|e nbehmer
|f 9:11:40 am
|
| 999 |
|
|
|a MARS
|
| 999 |
f |
f |
|s 2f541cf6-c899-34bc-bc98-fb8b3bca21b1
|i f21696e0-e398-312b-9adc-a902b818b536
|t 0
|
| 952 |
f |
f |
|p noncirc
|a Texas A&M University
|b College Station
|c Cushing Memorial Library & Archives
|d Cushing: Literature/Mitchell (Does not check out)
|t 0
|e PR6023.A93 Z48 1916
|h Library of Congress classification
|i unmediated -- sheet
|
| 998 |
f |
f |
|a PR6023.A93 Z48 1916
|t 0
|l Cushing: Literature/Mitchell (Does not check out)
|